A carregar...

ഭാഷാശാസ്ത്ര നിഘണ്ടു /

Detalhes bibliográficos
Autor principal: പ്രബോധചന്ദ്രന്‍ നായര്‍, വി. ആര്‍
Outros Autores: Prabodhachandran Nair, V. R.
Formato: Printed Book
Idioma:English
Publicado em: തിരുവനന്തപുരം : കേരള ഭാഷാ ഇന്‍സ്റ്റിറ്റ്യൂട്ട്, 2012.
Assuntos:
LEADER 01993nam a22002657a 4500
008 131119b xxu||||| |||| 00| 0 eng d
999 |c 4623  |d 4623 
020 |a 9788176381154 
082 |a 410.94812   |b PRA 
100 |a പ്രബോധചന്ദ്രന്‍ നായര്‍, വി. ആര്‍. 
240 |a Bhashasasthra nighandu 
245 |a ഭാഷാശാസ്ത്ര നിഘണ്ടു /  |c വി. ആര്‍. പ്രബോധചന്ദ്രന്‍ നായര്‍ 
260 |a തിരുവനന്തപുരം :  |b കേരള ഭാഷാ ഇന്‍സ്റ്റിറ്റ്യൂട്ട്,  |c 2012. 
300 |a 997p. 
650 |a Linguistics 
650 |a Dictionary 
650 |a Linguistic dictionary 
700 |a Prabodhachandran Nair, V. R. 
942 |2 ddc  |c BK 
952 |0 0  |1 0  |2 ddc  |4 0  |6 R_410_948120000000000_PRA  |7 1  |9 6320  |a MAIN  |b MAIN  |d 2013-11-19  |e Kerala Bhasha Institute  |g 500.00  |o R 410.94812 PRA  |p 6111  |r 2013-11-19  |t 1  |w 2013-11-19  |y REF 
952 |0 0  |1 0  |2 ddc  |4 0  |6 410_948120000000000_PRA  |7 0  |9 6321  |a MAIN  |b MAIN  |d 2013-11-19  |e Kerala Bhasha Institute  |g 500.00  |l 39  |m 5  |o 410.94812 PRA  |p 6112  |q 2020-06-01  |r 2020-03-20  |s 2020-03-20  |t 2  |w 2013-11-19  |y BK 
952 |0 0  |1 0  |2 ddc  |4 0  |6 410_948120000000000_PRA  |7 0  |9 6322  |a MAIN  |b MAIN  |d 2013-11-19  |e Kerala Bhasha Institute  |g 500.00  |l 36  |m 6  |o 410.94812 PRA  |p 6113  |q 2020-03-25  |r 2020-02-24  |s 2020-02-24  |t 3  |w 2013-11-19  |y BK 
952 |0 0  |1 0  |2 ddc  |4 0  |6 410_948120000000000_PRA  |7 0  |9 6323  |a MAIN  |b MAIN  |d 2013-11-19  |e Kerala Bhasha Institute  |g 500.00  |l 41  |m 8  |o 410.94812 PRA  |p 6114  |q 2020-04-12  |r 2020-03-13  |s 2020-03-13  |t 4  |w 2013-11-19  |y BK 
952 |0 0  |1 0  |2 ddc  |4 0  |6 410_948120000000000_PRA  |7 0  |9 18518  |a MAIN  |b MAIN  |d 2015-11-16  |e Kerala Basha Institute  |g 500.00  |l 24  |m 6  |o 410.94812 PRA  |p 18866  |r 2020-02-28  |s 2020-01-13  |t 5  |w 2015-11-16  |y BK 
952 |0 0  |1 0  |2 ddc  |4 0  |6 410_948120000000000_PRA  |7 0  |9 18519  |a MAIN  |b MAIN  |d 2015-11-16  |e Kerala Basha Institute  |g 500.00  |l 30  |m 3  |o 410.94812 PRA  |p 18867  |q 2020-06-01  |r 2020-03-20  |s 2020-03-20  |t 6  |w 2015-11-16  |y BK